[Event "2. Bundesliga Mitte 2011/12"]
[Site "St.Veit/Glan"]
[Date "2012.03.04"]
[Round "9"]
[Board "6"]
[White "Manhardt, Thomas"]
[Black "Trauner, Rudolf"]
[Result "1/2-1/2"]
[WhiteElo "2148"]
[BlackElo "2195"]
[PlyCount "132"]
[EventDate "2011.10.21"]
[EventType "team"]
[EventRounds "11"]
[EventCountry "AUT"]
[WhiteTeam "Union Styria Graz Kleine Zeitung"]
[BlackTeam "ASK St. Valentin"]

1. e4 e5 2. Nf3 Nf6 3. Nxe5 d6 4. Nf3 Nxe4 5. d4 d5 6. Bd3 Be7 7. O-O Bf5 8.
Re1 O-O 9. Nbd2 Nd6 10. Bxf5 Nxf5 11. c3 c6 12. Nf1 Nd7 13. Qc2 Nh4 14. Nxh4
Bxh4 15. Bf4 Bg5 16. Qf5 Bxf4 17. Qxf4 Re8 18. Ng3 g6 19. Rxe8+ Qxe8 20. Kf1
Qb8 21. Qg4 Nf6 22. Qg5 Qd6 23. Re1 Re8 24. Re5 Re6 25. Nf5 Qd7 26. Nh6+ Kg7
27. f3 Ng8 28. Nxg8 Kxg8 29. Rxe6 Qxe6 30. Qd8+ Kg7 31. Kf2 Qf5 32. Qe7 Qc2+
33. Qe2 Qa4 34. Qe5+ Kg8 35. Qb8+ Kg7 36. Qxb7 Qxa2 37. Kg3 a5 38. h4 h5 39.
Qb6 a4 40. Qb4 Qa1 41. Qa3 Qe1+ 42. Kh3 g5 43. hxg5 h4 44. Qd6 Qh1+ 45. Qh2 Qc1
46. Qe5+ Kh7 47. Qf5+ Kg7 48. Qf6+ Kg8 49. Kxh4 Qxb2 50. g6 fxg6 51. Qxg6+ Kf8
52. Qf6+ Kg8 53. Qg6+ Kf8 54. Qf6+ Kg8 55. Qd8+ Kg7 56. Qd7+ Kg8 57. Qg4+ Kf7
58. Qd7+ Kg8 59. Qxc6 a3 60. Qxd5+ Kg7 61. Qd7+ Kf8 62. Qd8+ Kf7 63. Qd7+ Kf8
64. Qf5+ Kg7 65. Qg5+ Kf7 66. Qf5+ Kg7 1/2-1/2

[Event "2. Bundesliga Mitte 2011/12"]
[Site "Fuerstenfeld"]
[Date "2012.04.28"]
[Round "10"]
[Board "1"]
[White "Steflitsch, Erich"]
[Black "Flumbort, Andras"]
[Result "0-1"]
[WhiteElo "2369"]
[BlackElo "2539"]
[PlyCount "48"]
[EventDate "2011.10.21"]
[EventType "team"]
[EventRounds "11"]
[EventCountry "AUT"]
[WhiteTeam "ZH-Technologies-Wolfsberg"]
[BlackTeam "ASK St. Valentin"]

1. e4 c5 2. Nf3 d6 3. d4 cxd4 4. Nxd4 Nf6 5. Nc3 e6 6. g4 a6 7. g5 Nfd7 8. Be3
b5 9. Qd2 Bb7 10. f3 Nb6 11. O-O-O N8d7 12. Bd3 Rc8 13. f4 Nc5 14. a3 Qc7 15.
Kb1 Be7 16. Rhg1 d5 17. e5 g6 18. h4 Ne4 19. Nxe4 dxe4 20. Be2 Nd5 21. h5 b4
22. a4 Bc5 23. Rc1 Nxe3 24. Qxe3 Qb6 0-1

[Event "2. Bundesliga Mitte 2011/12"]
[Site "Fuerstenfeld"]
[Date "2012.04.28"]
[Round "10"]
[Board "4"]
[White "Kranzl, Peter"]
[Black "Wegerer, Fred"]
[Result "1/2-1/2"]
[WhiteElo "2253"]
[BlackElo "2159"]
[PlyCount "99"]
[EventDate "2011.10.21"]
[EventType "team"]
[EventRounds "11"]
[EventCountry "AUT"]
[WhiteTeam "ASK St. Valentin"]
[BlackTeam "ZH-Technologies-Wolfsberg"]

1. e4 c6 2. d4 d5 3. Nc3 g6 4. Nf3 Bg7 5. h3 Nh6 6. Bd3 O-O 7. O-O f6 8. Bxh6
Bxh6 9. Qe2 e6 10. Rfe1 a5 11. a3 Na6 12. b4 b5 13. Na2 Bd7 14. c3 a4 15. Nc1
Nc7 16. e5 f5 17. Bc2 Ne8 18. Nd3 Ng7 19. g3 Ra7 20. h4 Be8 21. Nc5 Bf7 22. Kg2
Kh8 23. Rh1 Nh5 24. Rag1 Bg8 25. Kf1 Re8 26. Ke1 Bf8 27. Nd3 Bh6 28. Kd1 Rf7
29. Nc5 Ra7 30. Bd3 Bf8 31. Kc2 Rg7 32. Qd2 Ra7 33. Be2 h6 34. Ne1 Bh7 35. Bxh5
gxh5 36. Ncd3 f4 37. Qxf4 Bg7 38. Kb2 Rf8 39. Qe3 Qe8 40. Nf4 Qf7 41. Ned3 Qf5
42. Rd1 Re7 43. Rhe1 Qg4 44. Rd2 Ref7 45. Nc5 Rxf4 46. gxf4 Rxf4 47. Qg3 Bf5
48. Qxg4 hxg4 49. Nd7 Bg6 50. Nc5 1/2-1/2

[Event "2. Bundesliga Mitte 2011/12"]
[Site "Fuerstenfeld"]
[Date "2012.04.28"]
[Round "10"]
[Board "5"]
[White "Toefferl, Heimo"]
[Black "Tober, Gerhard"]
[Result "0-1"]
[WhiteElo "2102"]
[BlackElo "2272"]
[PlyCount "112"]
[EventDate "2011.10.21"]
[EventType "team"]
[EventRounds "11"]
[EventCountry "AUT"]
[WhiteTeam "ZH-Technologies-Wolfsberg"]
[BlackTeam "ASK St. Valentin"]

1. d4 d5 2. c4 e6 3. Nc3 Nf6 4. cxd5 exd5 5. Bg5 c6 6. e3 Be7 7. Bd3 O-O 8. Qc2
Nbd7 9. Nge2 Re8 10. O-O Nf8 11. f3 Be6 12. Kh1 N6d7 13. Bxe7 Rxe7 14. e4 dxe4
15. fxe4 c5 16. d5 Ne5 17. Ng3 Bd7 18. Bb5 Bc8 19. Be2 a6 20. a4 b6 21. Rf2 Qd6
22. Raf1 Bd7 23. Nd1 Qh6 24. Qc3 b5 25. Qxc5 Ree8 26. Ne3 g6 27. axb5 Bxb5 28.
Bxb5 axb5 29. Qd4 Nfd7 30. d6 Ra4 31. Qd2 Ra6 32. Rf4 Re6 33. Qe2 Raxd6 34.
Qxb5 Rb6 35. Qe2 Rb3 36. Kg1 Rxe3 37. Qf2 f6 38. h3 Rb3 39. Nh1 Qf8 40. Qc2
Qc5+ 41. Qxc5 Nxc5 42. Rxf6 Rxf6 43. Rxf6 Rxb2 44. Ng3 Rb3 45. Nf1 Nxe4 46. Re6
Rb5 47. Ne3 h5 48. g4 Kf7 49. Ra6 Rb2 50. Ra7+ Kg8 51. Ra8+ Kg7 52. Kf1 Nf3 53.
Ra7+ Kf8 54. Ra8+ Kf7 55. Ra7+ Ke8 56. Ra8+ Kd7 0-1

[Event "2. Bundesliga Mitte 2011/12"]
[Site "Fuerstenfeld"]
[Date "2012.04.28"]
[Round "10"]
[Board "6"]
[White "Heimberger, Reinhard"]
[Black "Sternat, Roland"]
[Result "1-0"]
[WhiteElo "2313"]
[BlackElo "2093"]
[PlyCount "61"]
[EventDate "2011.10.21"]
[EventType "team"]
[EventRounds "11"]
[EventCountry "AUT"]
[WhiteTeam "ASK St. Valentin"]
[BlackTeam "ZH-Technologies-Wolfsberg"]

1. g3 d5 2. Bg2 e6 3. d4 f5 4. Nh3 Nf6 5. O-O Be7 6. c4 c6 7. b3 Ne4 8. f3 Nd6
9. Qd3 Bf6 10. Bb2 O-O 11. Nd2 Nf7 12. e4 dxe4 13. fxe4 c5 14. exf5 Nc6 15.
fxe6 Bxe6 16. Nf4 Bd7 17. Nf3 Bg4 18. Nd5 Bxd4+ 19. Nxd4 cxd4 20. Bxd4 Qd6 21.
Rae1 Rae8 22. Qc3 Nfe5 23. Rxf8+ Kxf8 24. Kh1 a6 25. Bb6 Rc8 26. Nf4 Kg8 27.
Bd5+ Kh8 28. Qe3 g5 29. Nd3 Nxd3 30. Qxd3 Bf3+ 31. Qxf3 1-0

[Event "2. Bundesliga Mitte 2011/12"]
[Site "Fuerstenfeld"]
[Date "2012.04.28"]
[Round "10"]
[Board "1"]
[White "Hartl, Daniel"]
[Black "Gergacz, Attila"]
[Result "0-1"]
[WhiteElo "2272"]
[BlackElo "2426"]
[PlyCount "84"]
[EventDate "2011.10.21"]
[EventType "team"]
[EventRounds "11"]
[EventCountry "AUT"]
[WhiteTeam "SK MPOE Maria Saal"]
[BlackTeam "SV Steyregg"]

1. d4 Nf6 2. c4 g6 3. Nf3 Bg7 4. g3 O-O 5. Bg2 d6 6. Nc3 Nc6 7. O-O Rb8 8. h3
a6 9. e4 b5 10. cxb5 axb5 11. Re1 b4 12. Ne2 Bb7 13. d5 Na5 14. Ned4 c5 15.
dxc6 Nxc6 16. Nxc6 Bxc6 17. Nd4 Ba8 18. Qd3 e5 19. Nb3 d5 20. exd5 e4 21. Bxe4
Nxe4 22. Qxe4 Bxd5 23. Qd3 Be6 24. Qxd8 Rfxd8 25. Bf4 Ra8 26. Nc5 Bxa2 27. Be5
Bd5 28. Bxg7 Kxg7 29. Nd3 b3 30. Rxa8 Rxa8 31. f4 Bc4 32. Ne5 Be6 33. g4 Ra2
34. Re2 h5 35. Kh2 hxg4 36. hxg4 f6 37. Nxg6 Bxg4 38. Rg2 Bf3 39. Rg3 Rxb2+ 40.
Kh3 Be4 41. Ne5+ Kf8 42. Ng4 Rb1 0-1

[Event "2. Bundesliga Mitte 2011/12"]
[Site "Fuerstenfeld"]
[Date "2012.04.28"]
[Round "10"]
[Board "2"]
[White "Nemeth, Miklos"]
[Black "Rieger, Robert"]
[Result "1-0"]
[WhiteElo "2438"]
[BlackElo "2167"]
[PlyCount "69"]
[EventDate "2011.10.21"]
[EventType "team"]
[EventRounds "11"]
[EventCountry "AUT"]
[WhiteTeam "SV Steyregg"]
[BlackTeam "SK MPOE Maria Saal"]

1. e4 c5 2. Nf3 Nc6 3. d4 cxd4 4. Nxd4 Nf6 5. Nc3 e5 6. Ndb5 d6 7. Bg5 a6 8.
Na3 b5 9. Bxf6 gxf6 10. Nd5 f5 11. g3 fxe4 12. Bg2 Be6 13. Bxe4 Bg7 14. Qh5 Rc8
15. Rd1 Ne7 16. Nxe7 Qxe7 17. O-O b4 18. Nb1 Rc5 19. a3 a5 20. axb4 axb4 21. c3
d5 22. Bc2 bxc3 23. Nxc3 d4 24. Ba4+ Bd7 25. Bxd7+ Qxd7 26. Ne4 Rc6 27. f4 exf4
28. Nc5 Qc7 29. Rde1+ Kf8 30. Rxf4 Bh6 31. Rxd4 Rg8 32. Rd7 Rxg3+ 33. Kh1 Qf4
34. hxg3 Qf2 35. Re8+ 1-0

[Event "2. Bundesliga Mitte 2011/12"]
[Site "Fuerstenfeld"]
[Date "2012.04.28"]
[Round "10"]
[Board "5"]
[White "Reschun, Sascha"]
[Black "Enoeckl, Philipp"]
[Result "0-1"]
[WhiteElo "2244"]
[BlackElo "2292"]
[PlyCount "92"]
[EventDate "2011.10.21"]
[EventType "team"]
[EventRounds "11"]
[EventCountry "AUT"]
[WhiteTeam "SK MPOE Maria Saal"]
[BlackTeam "SV Steyregg"]

1. e4 e6 2. d4 d5 3. e5 c5 4. c3 Nc6 5. Nf3 Nh6 6. a3 Qb6 7. b4 cxd4 8. cxd4
Nf5 9. Be3 f6 10. exf6 gxf6 11. Nc3 Nxe3 12. fxe3 Bh6 13. Kf2 O-O 14. Rc1 Ne7
15. g4 e5 16. Rg1 Kh8 17. Ne2 Bd7 18. Rg3 a5 19. bxa5 Rxa5 20. Rc3 Ng6 21. Rb3
Qd6 22. Rxb7 Rxa3 23. Ne1 Bc8 24. Rb3 Bg5 25. Ng2 Rxb3 26. Qxb3 Be6 27. Kg1 Rb8
28. Qc2 e4 29. Qc1 Rc8 30. Qd2 Qa3 31. Nef4 Bf7 32. Nxg6+ hxg6 33. Qf2 Qd6 34.
h4 Bh6 35. g5 Bg7 36. Nf4 f5 37. Qe2 Bxd4 38. Qd2 Be5 39. h5 Kg7 40. hxg6 Bxg6
41. Rh3 d4 42. Nxg6 Qxg6 43. exd4 Qd6 44. d5 Rc5 45. Ra3 Rxd5 46. Ra7+ Kg6 0-1

[Event "2. Bundesliga Mitte 2011/12"]
[Site "Fuerstenfeld"]
[Date "2012.04.28"]
[Round "10"]
[Board "6"]
[White "Raber, Florian"]
[Black "Ramusch, Arnulf"]
[Result "1-0"]
[WhiteElo "2148"]
[BlackElo "1999"]
[PlyCount "129"]
[EventDate "2011.10.21"]
[EventType "team"]
[EventRounds "11"]
[EventCountry "AUT"]
[WhiteTeam "SV Steyregg"]
[BlackTeam "SK MPOE Maria Saal"]

1. d4 e6 2. Nf3 Nf6 3. e3 b6 4. Bd3 Bb7 5. Nbd2 c5 6. c3 Nc6 7. O-O Be7 8. e4
d6 9. a3 O-O 10. b4 Nd7 11. Qe2 Bf6 12. Nb3 Qc7 13. Bg5 e5 14. Bxf6 Nxf6 15.
bxc5 bxc5 16. dxc5 Rad8 17. cxd6 Rxd6 18. Nc5 Ba8 19. Na6 Qe7 20. Rfd1 Rfd8 21.
Ne1 Na5 22. f3 Bb7 23. Nb4 Nb3 24. Rab1 Nc5 25. Bc2 a5 26. Rxd6 Rxd6 27. Nbd3
Ba6 28. Qe3 Ne6 29. Rb8+ Rd8 30. Qb6 Bxd3 31. Nxd3 Nd7 32. Rxd8+ Qxd8 33. Qd6
Qc7 34. Qxc7 Nxc7 35. Ba4 Nb6 36. Bb3 Kf8 37. Nxe5 Nb5 38. c4 Nxa3 39. c5 Na8
40. Nc6 Nb5 41. Nxa5 Nd4 42. Bd5 Nc7 43. Kf2 Nc2 44. Ke2 Nb4 45. Bc4 Nba6 46.
Nb3 Nb4 47. Ke3 Ke7 48. Nd4 f6 49. Nf5+ Kf8 50. Kd4 Nc6+ 51. Kc3 g6 52. Ne3 Kg7
53. Bd5 Ne5 54. f4 Nd7 55. Kc4 g5 56. g3 Kf8 57. c6 Nb6+ 58. Kc5 Nc8 59. Bc4
Kg7 60. Nf5+ Kf8 61. Nd6 Ne7 62. Kb6 Ne8 63. Nxe8 Kxe8 64. Kb7 gxf4 65. gxf4
1-0

[Event "2. Bundesliga Mitte 2011/12"]
[Site "Fuerstenfeld"]
[Date "2012.04.28"]
[Round "10"]
[Board "1"]
[White "Ceschia, Ivano"]
[Black "Freitag, Manfred"]
[Result "1/2-1/2"]
[WhiteElo "2316"]
[BlackElo "2380"]
[PlyCount "96"]
[EventDate "2011.10.21"]
[EventType "team"]
[EventRounds "11"]
[EventCountry "AUT"]
[WhiteTeam "SV ASVOE Fundermax St. Veit/Glan"]
[BlackTeam "ESV Austria Graz"]

1. e4 c5 2. Nf3 d6 3. d4 cxd4 4. Qxd4 Nc6 5. Bb5 Bd7 6. Bxc6 Bxc6 7. Nc3 Nf6 8.
Bg5 e6 9. O-O-O Be7 10. e5 dxe5 11. Qxe5 Qb6 12. Be3 Qa6 13. Bc5 Bxc5 14. Qxc5
Nd7 15. Rxd7 Bxd7 16. Rd1 Qb6 17. Qg5 h6 18. Qxg7 O-O-O 19. Ne5 Qxf2 20. Nxf7
Qf4+ 21. Kb1 Rdg8 22. Nd6+ Qxd6 23. Qxg8+ Rxg8 24. Rxd6 Rxg2 25. h3 Rh2 26. Rd3
e5 27. Kc1 Rxh3 28. Rd5 Rh1+ 29. Kd2 Rh5 30. Rc5+ Kd8 31. Ne4 Bc6 32. Nd6 Kd7
33. Nc4 Ke6 34. Na5 Be4 35. Ke3 b6 36. Rc7 Bd5 37. c4 Rh3+ 38. Kd2 Rh2+ 39. Kc3
Rh3+ 40. Kd2 bxa5 41. cxd5+ Kxd5 42. Rxa7 Kd4 43. Rxa5 Rh2+ 44. Kc1 e4 45. b4
e3 46. Kd1 Rb2 47. Rh5 Kd3 48. Rd5+ Ke4 1/2-1/2

[Event "2. Bundesliga Mitte 2011/12"]
[Site "Fuerstenfeld"]
[Date "2012.04.28"]
[Round "10"]
[Board "2"]
[White "Karner, Christoph"]
[Black "Dietmayer-Kraeutler, Marco"]
[Result "1/2-1/2"]
[WhiteElo "2381"]
[BlackElo "2222"]
[PlyCount "103"]
[EventDate "2011.10.21"]
[EventType "team"]
[EventRounds "11"]
[EventCountry "AUT"]
[WhiteTeam "ESV Austria Graz"]
[BlackTeam "SV ASVOE Fundermax St. Veit/Glan"]

1. d4 d5 2. c4 e6 3. Nc3 Nf6 4. cxd5 exd5 5. Bg5 c6 6. Qc2 Be7 7. e3 Nbd7 8.
Bd3 Nf8 9. Nge2 Ne6 10. Bh4 g6 11. Rd1 O-O 12. O-O Re8 13. f3 Ng7 14. e4 dxe4
15. fxe4 Ng4 16. Bxe7 Qxe7 17. Qd2 Be6 18. h3 Nf6 19. e5 Nd5 20. Ne4 Nf5 21.
Nf4 Nde3 22. Nf6+ Kh8 23. Bxf5 Nxf1 24. Rxf1 Bxf5 25. N4d5 Qf8 26. Nc7 Rec8 27.
Nxa8 Rxa8 28. Rf4 Qh6 29. Qf2 Kg7 30. Kh2 Rh8 31. g4 Be6 32. h4 g5 33. Nh5+
Qxh5 34. gxh5 gxf4 35. Qxf4 h6 36. Qf6+ Kh7 37. Qe7 b5 38. Qxa7 Rg8 39. b3 Bd5
40. a4 Rg2+ 41. Kh3 Rb2 42. a5 Rxb3+ 43. Kg4 Ra3 44. Qb6 Ra4 45. a6 b4 46. a7
b3 47. Kf4 b2 48. Qxb2 Rxa7 49. Kf5 Ra2 50. Qb1 Rf2+ 51. Kg4+ Kg7 52. Kg3
1/2-1/2

[Event "2. Bundesliga Mitte 2011/12"]
[Site "Fuerstenfeld"]
[Date "2012.04.28"]
[Round "10"]
[Board "3"]
[White "Sandner, Wolfgang"]
[Black "Kotz, Heinz Peter"]
[Result "0-1"]
[WhiteElo "2238"]
[BlackElo "2349"]
[PlyCount "52"]
[EventDate "2011.10.21"]
[EventType "team"]
[EventRounds "11"]
[EventCountry "AUT"]
[WhiteTeam "SV ASVOE Fundermax St. Veit/Glan"]
[BlackTeam "ESV Austria Graz"]

1. e4 e5 2. Nf3 Nc6 3. Nc3 Nf6 4. d4 exd4 5. Nxd4 Bb4 6. Nxc6 bxc6 7. Bd3 d5 8.
exd5 cxd5 9. O-O O-O 10. Bg5 c6 11. Ne2 Bd6 12. Nd4 c5 13. Nf5 h6 14. Bh4 Be5
15. c3 c4 16. Bc2 Bxf5 17. Bxf5 Qb6 18. Rb1 Rad8 19. Re1 Rfe8 20. Qa4 g5 21.
Bg3 Bxg3 22. hxg3 Rxe1+ 23. Rxe1 Qxb2 24. Qa5 Qb6 25. Qa3 Re8 26. Rb1 Qxb1+ 0-1

[Event "2. Bundesliga Mitte 2011/12"]
[Site "Fuerstenfeld"]
[Date "2012.04.28"]
[Round "10"]
[Board "4"]
[White "Aschenbrenner, Robert"]
[Black "Kuess, Mario"]
[Result "1-0"]
[WhiteElo "2270"]
[BlackElo "2106"]
[PlyCount "39"]
[EventDate "2011.10.21"]
[EventType "team"]
[EventRounds "11"]
[EventCountry "AUT"]
[WhiteTeam "ESV Austria Graz"]
[BlackTeam "SV ASVOE Fundermax St. Veit/Glan"]

1. e4 d5 2. exd5 Nf6 3. Nf3 Nxd5 4. d4 g6 5. c4 Nb6 6. Nc3 Bg7 7. c5 Nd5 8. Bc4
c6 9. O-O O-O 10. Re1 Nxc3 11. bxc3 e6 12. Bf4 Nd7 13. a4 b6 14. Bd6 Re8 15.
Qb3 Nf6 16. Ne5 Bd7 17. Ba6 bxc5 18. Bb7 Bc8 19. dxc5 Bxb7 20. Qxb7 1-0

[Event "2. Bundesliga Mitte 2011/12"]
[Site "Fuerstenfeld"]
[Date "2012.04.28"]
[Round "10"]
[Board "1"]
[White "Pilaj, Herwig"]
[Black "Poetz, Florian"]
[Result "0-1"]
[WhiteElo "2362"]
[BlackElo "2412"]
[PlyCount "72"]
[EventDate "2011.10.21"]
[EventType "team"]
[EventRounds "11"]
[EventCountry "AUT"]
[WhiteTeam "SC Die Klagenfurter"]
[BlackTeam "SK Sparkasse Fuerstenfeld"]

1. Nf3 Nf6 2. c4 c5 3. Nc3 Nc6 4. g3 d5 5. cxd5 Nxd5 6. Bg2 Nc7 7. a3 g6 8. b4
cxb4 9. axb4 Bg7 10. Ba3 a6 11. e3 O-O 12. d4 Na7 13. Bb2 Be6 14. O-O Nd5 15.
Ne4 Nxb4 16. Qd2 Nd5 17. Nc5 Bc8 18. e4 Nb6 19. Rfc1 Nd7 20. Nd3 b6 21. h4 Bb7
22. d5 Bxb2 23. Qxb2 Nb5 24. h5 Rc8 25. Bh3 Nd6 26. Qd4 Rxc1+ 27. Rxc1 Nf6 28.
hxg6 hxg6 29. Ng5 Nb5 30. Qe5 Qd6 31. Qb2 Nxd5 32. e5 Qa3 33. Qd2 Nd4 34. e6 f6
35. Ne1 Qxc1 36. Qxd4 Qxe1+ 0-1

[Event "2. Bundesliga Mitte 2011/12"]
[Site "Fuerstenfeld"]
[Date "2012.04.28"]
[Round "10"]
[Board "4"]
[White "Radnetter, Georg"]
[Black "Petschar, Kurt"]
[Result "1/2-1/2"]
[WhiteElo "2269"]
[BlackElo "2312"]
[PlyCount "86"]
[EventDate "2011.10.21"]
[EventType "team"]
[EventRounds "11"]
[EventCountry "AUT"]
[WhiteTeam "SK Sparkasse Fuerstenfeld"]
[BlackTeam "SC Die Klagenfurter"]

1. Nf3 c5 2. c4 Nc6 3. d4 cxd4 4. Nxd4 Nf6 5. Nc3 e5 6. Ndb5 d6 7. Bg5 a6 8.
Na3 h6 9. Bxf6 Qxf6 10. g3 Be6 11. Bg2 Qd8 12. O-O Be7 13. Qd2 O-O 14. Rfd1 Rc8
15. Rac1 Bg5 16. e3 Bg4 17. f3 Be6 18. h4 Be7 19. Nd5 Re8 20. Rc3 Bf8 21. b3
Ne7 22. e4 Qa5 23. b4 Qd8 24. Nc2 Nxd5 25. cxd5 Bd7 26. Rxc8 Qb6+ 27. Qe3 Qxe3+
28. Nxe3 Rxc8 29. Kf2 Be7 30. Bf1 b5 31. Rd2 Bd8 32. Rc2 Bb6 33. Rxc8+ Bxc8 34.
Ke2 g6 35. Nd1 Bd4 36. Kd3 Bg1 37. Ke2 Kg7 38. Bg2 f5 39. Bh3 Kf6 40. g4 Bd4
41. Ne3 fxg4 42. Bxg4 Bxg4 43. fxg4 Bc3 1/2-1/2

[Event "2. Bundesliga Mitte 2011/12"]
[Site "Fuerstenfeld"]
[Date "2012.04.28"]
[Round "10"]
[Board "6"]
[White "Hatzl, Johannes"]
[Black "Singer, Hans"]
[Result "0-1"]
[WhiteElo "2103"]
[BlackElo "2260"]
[PlyCount "50"]
[EventDate "2011.10.21"]
[EventType "team"]
[EventRounds "11"]
[EventCountry "AUT"]
[WhiteTeam "SK Sparkasse Fuerstenfeld"]
[BlackTeam "SC Die Klagenfurter"]

1. e4 e5 2. Nf3 Nc6 3. Bb5 Nf6 4. O-O Bd6 5. Re1 O-O 6. d4 Re8 7. d5 Ne7 8. c4
Ng6 9. Nc3 a6 10. Ba4 Bc5 11. h3 c6 12. a3 b5 13. b4 Bd4 14. Nxd4 exd4 15. Qxd4
bxa4 16. e5 d6 17. f4 cxd5 18. cxd5 Bb7 19. Bb2 dxe5 20. fxe5 Nxd5 21. e6 f6
22. Nxa4 Ndf4 23. Nc5 Qxd4+ 24. Bxd4 Bxg2 25. Ra2 Bxh3 0-1

[Event "2. Bundesliga Mitte 2011/12"]
[Site "Fuerstenfeld"]
[Date "2012.04.28"]
[Round "10"]
[Board "2"]
[White "Kilgus, Georg"]
[Black "Supancic, Darko"]
[Result "1-0"]
[WhiteElo "2427"]
[BlackElo "2368"]
[PlyCount "81"]
[EventDate "2011.10.21"]
[EventType "team"]
[EventRounds "11"]
[EventCountry "AUT"]
[WhiteTeam "SpG. Spark. Grieskirchen/Schallerb."]
[BlackTeam "Strassenbahn Graz"]

1. d4 Nf6 2. c4 c5 3. d5 e5 4. Nc3 d6 5. e4 Nbd7 6. g3 a6 7. a4 Be7 8. Bg2 O-O
9. Nge2 Ne8 10. O-O Nc7 11. a5 Rb8 12. Bd2 b5 13. axb6 Nxb6 14. b3 f5 15. Qc2
g6 16. exf5 gxf5 17. f4 e4 18. g4 Bf6 19. gxf5 Bxf5 20. Bxe4 Bxe4 21. Qxe4 Nd7
22. Qc2 Bg7 23. Kh1 Qh4 24. Rg1 Nf6 25. Rg2 Ng4 26. Rf1 Rbe8 27. Ne4 Re7 28.
Nxd6 Qh3 29. Ng3 h5 30. Ndf5 Ref7 31. Re1 Rxf5 32. Nxf5 Rxf5 33. d6 Rf8 34.
dxc7 Qf3 35. Bc1 Kh8 36. Qe2 Qc6 37. Bb2 Bd4 38. h3 Nf6 39. Qe7 Rg8 40. Ree2
Bxb2 41. Rxb2 1-0

[Event "2. Bundesliga Mitte 2011/12"]
[Site "Fuerstenfeld"]
[Date "2012.04.28"]
[Round "10"]
[Board "3"]
[White "Krebs, Johann"]
[Black "Singer, Christoph"]
[Result "0-1"]
[WhiteElo "2284"]
[BlackElo "2362"]
[PlyCount "80"]
[EventDate "2011.10.21"]
[EventType "team"]
[EventRounds "11"]
[EventCountry "AUT"]
[WhiteTeam "Strassenbahn Graz"]
[BlackTeam "SpG. Spark. Grieskirchen/Schallerb."]

1. d4 d5 2. c4 e6 3. Nf3 Nf6 4. Nc3 Be7 5. Bg5 O-O 6. e3 Nbd7 7. Qc2 a6 8. cxd5
exd5 9. Bd3 Re8 10. O-O c6 11. h3 Nf8 12. Bf4 Ng6 13. Bg3 Bd6 14. Bxd6 Qxd6 15.
Rab1 Qe7 16. b4 Ne4 17. a4 Ng5 18. Nxg5 Qxg5 19. Kh2 Nh4 20. g3 Nf3+ 21. Kg2
Qh5 22. Rh1 Ng5 23. g4 Qh4 24. Qe2 Ne4 25. Nxe4 dxe4 26. Bc4 Kh8 27. f4 exf3+
28. Qxf3 Be6 29. Bxe6 Rxe6 30. Rhf1 f6 31. Rbe1 Rae8 32. e4 h6 33. Qf5 Rd6 34.
Rd1 Red8 35. e5 fxe5 36. dxe5 Rxd1 37. Rxd1 Rxd1 38. Qf8+ Kh7 39. Qf5+ Kg8 40.
Qe6+ Kh8 0-1

[Event "2. Bundesliga Mitte 2011/12"]
[Site "Fuerstenfeld"]
[Date "2012.04.28"]
[Round "10"]
[Board "4"]
[White "Schwabeneder, Florian"]
[Black "Pesorda, Ivan"]
[Result "1-0"]
[WhiteElo "2252"]
[BlackElo "2278"]
[PlyCount "117"]
[EventDate "2011.10.21"]
[EventType "team"]
[EventRounds "11"]
[EventCountry "AUT"]
[WhiteTeam "SpG. Spark. Grieskirchen/Schallerb."]
[BlackTeam "Strassenbahn Graz"]

1. e4 c5 2. Nf3 e6 3. d4 cxd4 4. Nxd4 Nf6 5. Nc3 d6 6. g4 Be7 7. Be3 Nc6 8. g5
Nd7 9. h4 Nb6 10. Bd3 d5 11. Bb5 Bd7 12. exd5 Nxd5 13. Nxd5 exd5 14. Qf3 a6 15.
Be2 Qa5+ 16. c3 Ne5 17. Qg2 O-O 18. O-O Rad8 19. f4 Nc4 20. Bxc4 dxc4 21. f5
Bc5 22. Qxb7 Bxd4 23. Bxd4 Bxf5 24. b4 cxb3 25. axb3 Qd5 26. Qxd5 Rxd5 27. Rf2
Bc8 28. Rf4 h6 29. gxh6 gxh6 30. Kf2 h5 31. c4 Rdd8 32. Ke3 Rd6 33. Ra5 Re8+
34. Kd3 Rg6 35. Rxh5 Rg3+ 36. Kd2 f5 37. Rh8+ Kf7 38. Rxe8 Kxe8 39. Be3 Rh3 40.
Rd4 Bb7 41. b4 Be4 42. Bg5 Kf7 43. Rd6 Rb3 44. Rb6 Bd3 45. Rxa6 Bxc4 46. Rf6+
Kg7 47. Rb6 Rd3+ 48. Kc2 Rh3 49. Kd2 Rd3+ 50. Ke1 Rd5 51. h5 Rd7 52. Kf2 Bf7
53. h6+ Kh7 54. Ke3 Bg6 55. Kf4 Rf7 56. b5 Rd7 57. Rc6 Be8 58. Rc8 Rd4+ 59. Ke5
1-0

[Event "2. Bundesliga Mitte 2011/12"]
[Site "Fuerstenfeld"]
[Date "2012.04.28"]
[Round "10"]
[Board "5"]
[White "Steiner, Stefan"]
[Black "Obermayr, Hermann"]
[Result "0-1"]
[WhiteElo "2272"]
[BlackElo "2195"]
[PlyCount "80"]
[EventDate "2011.10.21"]
[EventType "team"]
[EventRounds "11"]
[EventCountry "AUT"]
[WhiteTeam "Strassenbahn Graz"]
[BlackTeam "SpG. Spark. Grieskirchen/Schallerb."]

1. Nf3 g6 2. d4 Bg7 3. g3 d6 4. Bg2 f5 5. c3 Nf6 6. Qb3 c6 7. Ng5 d5 8. Nd2 Qb6
9. Ndf3 Ne4 10. h4 h6 11. Nh3 Be6 12. Nf4 Bf7 13. Nd3 Nd7 14. Bf4 Bf6 15. Nde5
Nf8 16. Qxb6 axb6 17. a3 Ne6 18. Nxf7 Kxf7 19. Ne5+ Kg7 20. Bxe4 fxe4 21. Ng4
Rac8 22. h5 g5 23. Be5 Rhf8 24. Rd1 Kh7 25. e3 Rf7 26. Ke2 Nf8 27. Rdf1 Nd7 28.
f4 exf3+ 29. Rxf3 Rcf8 30. Rhf1 Kg7 31. Bxf6+ exf6 32. Rf5 Re7 33. Kd3 b5 34.
R1f2 Re4 35. Nh2 Nb6 36. Nf1 Nc4 37. Re2 Nd6 38. Rf3 Rfe8 39. Nd2 Nc4 40. Rf1
Rxe3+ 0-1

[Event "2. Bundesliga Mitte 2011/12"]
[Site "Fuerstenfeld"]
[Date "2012.04.28"]
[Round "10"]
[Board "1"]
[White "Kovacs, Gabor"]
[Black "Babula, Vlastimil"]
[Result "0-1"]
[WhiteElo "2498"]
[BlackElo "2572"]
[PlyCount "120"]
[EventDate "2011.10.21"]
[EventType "team"]
[EventRounds "11"]
[EventCountry "AUT"]
[WhiteTeam "Union Styria Graz Kleine Zeitung"]
[BlackTeam "Union Ansfelden"]

1. d4 Nf6 2. c4 e6 3. Nc3 Bb4 4. e3 O-O 5. Bd3 d5 6. Nf3 b6 7. O-O Bb7 8. cxd5
exd5 9. a3 Bd6 10. b4 a6 11. Qb3 Qe7 12. Nh4 g6 13. Nf3 Nbd7 14. Re1 Rfe8 15.
h3 Nf8 16. e4 dxe4 17. Bg5 Qd7 18. Bxf6 exd3 19. d5 Qf5 20. Bd4 Nd7 21. Rad1 c6
22. Na4 c5 23. Bb2 cxb4 24. axb4 Rxe1+ 25. Rxe1 Rc8 26. Re3 b5 27. Nc5 Nxc5 28.
bxc5 Bxc5 29. Re5 Qf4 30. Qxd3 Qc4 31. Qd2 Bd6 32. Qe3 Bf8 33. Nd2 Qb4 34. Bd4
f6 35. Re6 Bxd5 36. Rxa6 Qe7 37. Qf4 Rc1+ 38. Kh2 Qc7 39. Qxc7 Rxc7 40. Rxf6
Rd7 41. Rb6 b4 42. f3 Rb7 43. Rxb7 Bxb7 44. Nc4 Kf7 45. Kg3 Ke6 46. Ne3 Bd6+
47. Kf2 Be5 48. Bxe5 Kxe5 49. Ke2 b3 50. Nd1 g5 51. Ke3 h5 52. Nb2 Ba6 53. Nd1
h4 54. Nb2 Bf1 55. Kf2 Bb5 56. Ke3 Kd5 57. Nd1 Kc5 58. Kd2 Kd4 59. Nf2 Bf1 60.
Ne4 Bd3 0-1